IMPERFECT LEADERSHIP IN ACTION (Record no. 216433)

MARC details
000 -LEADER
fixed length control field 00553nam a22001697a 4500
008 - FIXED-LENGTH DATA ELEMENTS--GENERAL INFORMATION
fixed length control field 260108b |||||||| |||| 00| 0 eng d
020 ## - INTERNATIONAL STANDARD BOOK NUMBER
International Standard Book Number 978-178583601-5
100 ## - MAIN ENTRY--PERSONAL NAME
Personal name MUNBY, STEVE
245 ## - TITLE STATEMENT
Title IMPERFECT LEADERSHIP IN ACTION
Remainder of title A PRATCTICAL BOOK FOR SCHOOL LEADERS WHO KNOW THEY DONT KNOW IT ALL
260 ## - PUBLICATION, DISTRIBUTION, ETC.
Place of publication, distribution, etc. WALES
Name of publisher, distributor, etc. CROWN HOUSE PUBLISHING
Date of publication, distribution, etc. 2022
300 ## - PHYSICAL DESCRIPTION
Extent XVI, 238P.
500 ## - GENERAL NOTE
General note INCLUDES BIBLIOGRAPHICAL REFERENCES
650 ## - SUBJECT ADDED ENTRY
Topical term or geographic name entry element 1.EDUCATIONAL LEADERSHIP
700 ## - ADDED ENTRY--PERSONAL NAME
Personal name BRETHERTON, MARIE-CLAIRE
942 ## - ADDED ENTRY ELEMENTS (KOHA)
Source of classification or shelving scheme Library of Congress Classification
Koha item type Long Loan Book
Holdings
Withdrawn status Lost status Source of classification or shelving scheme Damaged status Not for loan Collection Home library Current library Shelving location Date acquired Inventory number Total checkouts Full call number Barcode Date last seen Copy number Price effective from Koha item type
    Library of Congress Classification     Arts & Social Sciences Kisii University Library Kisii University Library On Display 01/08/2026 110818   LB 2806 .M86 2022 000000024014 01/08/2026 C.1 01/08/2026 Long Loan Book
    Library of Congress Classification     Arts & Social Sciences Kisii University Library Kisii University Library On Display 01/08/2026 110819   LB 2806 .M86 2022 000000024015 01/08/2026 C.2 01/08/2026 Long Loan Book
    Library of Congress Classification     Arts & Social Sciences Kisii University Library Kisii University Library On Display 01/08/2026 110820   LB 2806 .M86 2022 000000024016 01/08/2026 C.3 01/08/2026 Long Loan Book
    Library of Congress Classification     Arts & Social Sciences Kisii University Library Kisii University Library On Display 01/08/2026 110821   LB 2806 .M86 2022 000000024017 01/08/2026 C.4 01/08/2026 Long Loan Book
    Library of Congress Classification     Arts & Social Sciences Kisii University Library Kisii University Library On Display 01/08/2026 110822   LB 2806 .M86 2022 000000023592 01/08/2026 C.5 01/08/2026 Long Loan Book